[Event "SVK-ch U10 Girls"]
[Site "Tatralandia"]
[Date "2015.04.19"]
[Round "2"]
[White "Gajdosova, Ladislava"]
[Black "Carnecka, Stella"]
[Result "0-1"]
[WhiteElo "1000"]
[BlackElo "1000"]
[PlyCount "46"]
[EventDate "2015.04.18"]
[EventType "swiss"]
[EventRounds "9"]
[EventCountry "SVK"]
[SourceTitle "CBM 166 Extra"]
[Source "ChessBase"]
[SourceDate "2015.06.18"]
[SourceVersion "1"]
[SourceVersionDate "2015.06.18"]
[SourceQuality "1"]

1. e4 e5 2. Nf3 Nc6 3. Bc4 Bc5 4. 0-0 Nf6 5. d3 0-0 6. c3 d6 7. Bb3 Be6 8. Bc2 d5 9. exd5 Bxd5 10. h3 Nd7 11. Nbd2 Qf6 12. Re1 e4 13. dxe4 Be6 14. Nf1 Qg6 15. Bf4 Nce5 16. Ba4 Nxf3+ 17. Qxf3 f6 18. Bxc7 Ne5 19. Bxe5 fxe5 20. Qe2 Bxh3 21. Bb3+ Kh8 22. Qf3 Rxf3 23. Kh2 Qxg2# 0-1